000 01205cab a22002055a 4500
001 L142698
008 080229s2007 xxk 000 0 eng d
035 _a(Sirsi) u142698
041 0 _aeng
100 1 _aMiller, Christopher
245 0 4 _aThe adaptation of UK planning and pollution control policy
260 _c2008
490 _aTown Planning Review
_v78(5) 2007, 597-618(22)
520 _aReviews policies relating to pollution control and planning. Argues that UK government policy over the previous 30 years has been to abdicate responsibility for these issues. It has promoted that use of planning powers to control pollution and urged that these remain separate from other agencies. Planning control policy now operates within the context of EU policies. Argues that because government does now wish to allow local planning authorities to stunt economic development, insufficient attention is being given to the prevention of pollution. Suggests that clarification of environmental objectives is essential if planning is to help mitigate pollution.
590 _aKA
651 4 _aUnited Kingdom
_y
690 _aPlanning and development
_96259
700 1 _aWood, Christopher
942 _n0
999 _c79912
_d79912